| 000 | 00995pam a2200301 a 4500 | ||
|---|---|---|---|
| 001 | 014821161 | ||
| 003 | OSt | ||
| 005 | 20141123114546.0 | ||
| 008 | 081010t2010 xxua frb 001 0 eng d | ||
| 010 | _a2008044812 | ||
| 020 | _a9780205683086 (pbk.) | ||
| 020 | _a0205683088 (pbk.) | ||
| 040 |
_aStDuBDS _beng _cStDuBDS _dUk _dEG-ScBUE |
||
| 082 | 0 | 0 |
_a612.8 _222 _bCAR |
| 100 | 1 |
_aCarlson, Neil R., _d1942- _936542 |
|
| 245 | 1 | 0 |
_aPhysiology of behavior / _cNeil R. Carlson. |
| 250 |
_a10th ed., _binternational ed. |
||
| 260 |
_aBoston, United States : _bAllyn & Bacon, _cc.2010. |
||
| 300 |
_axxii, 730 p. : _bill. (col.) ; _c28 cm. |
||
| 500 | _aPrevious ed. : Boston, Mass. : Pearson Allyn and Bacon, 2007. | ||
| 500 | _aIncludes indexes. | ||
| 500 | _aIncludes : mypsychkit-ISBN 9780205637935-0205637930. | ||
| 504 | _aBibliography : p. 641-698. | ||
| 650 | 0 |
_aPsychophysiology _920393 |
|
| 653 |
_bPPhrm _cNovember2014 |
||
| 655 |
_vreading book _934232 |
||
| 942 |
_2ddc _k612.8 CAR |
||
| 999 |
_c18661 _d18633 |
||